Corporate Headquarters Cities - Statistics

General Stats
  • This quiz has been taken 80 times
  • The average score is 11 of 23
Answer Stats
Company City % Correct
Starbucks Seattle
92%
Delta Airlines Atlanta
85%
Boeing Chicago
81%
Uber San Francisco
80%
Kia Motors Seoul
76%
Heineken Amsterdam
74%
Kimberly-Clark Dallas
65%
GlaxoSmithKline London
59%
Lenovo Beijing
57%
Panasonic Osaka
57%
General Electric Boston
54%
Burger King Miami
51%
Procter & Gamble Cincinnati
46%
Federal Express Memphis
41%
Ford Dearborn
39%
Nintendo Kyoto
32%
Bombardier Montreal
27%
Rockstar Energy Drink Las Vegas
26%
Facebook Menlo Park
15%
Caterpillar Peoria
11%
Lockheed Martin Bethesda
8%
Lexmark Lexington
4%
Mattel El Segundo
3%
No matching quizzes found
Score Distribution
Percent of People with Each Score
Percentile by Number Answered
Your Score History
You have not taken this quiz